000 00235nam a2200085Ia 4500
245 0 _aThe A-to-Z guide to elder care
100 _a KANDEL, Joseph New York, 2009
_973402
942 _cBK
008 210817s9999 xx 000 0 und d
999 _c276420
_d276419